000 00663nam a22002177a 4500
003 UA-OsUOA
001 52534
007 ta
008 20080219b un ||||| |||| 00| 0 ukr d
100 _aМихайлов В. С.
090 _a330(477)
_bМ-12
942 _cSA
040 _aUA-OsUOA
_bukr
_cUA-OsUOA
_dUA-OsUOA
245 _aЗовнішньоекономічна діяльність України: статистичне забезпечення
300 _aС.25-29
955 _a0
041 _aukr
080 _a330(477)
773 0 _w52533
_tСтатистика України
_dК.
_d2007
_g4
650 7 _a330 Економіка взагалі
_2UDC
999 _c338632
_d338632